Statistics for The Ultimate Marvel Characters Quiz!!!

Click here to take the quiz!

General Stats

  • This quiz has been taken 85 times
  • The average score is 134 of 232

Answer Stats

HintAnswer% Correct
Tony StarkIron Man
98%
Peter ParkerSpider-Man
98%
Miles MoralesUltimate Spider-Man
98%
T'ChallaBlack Panther
96%
Natasha RomanoffBlack Widow
96%
Steve RogersCaptain America
96%
Gamora
96%
Clint BartonHawk-Eye
96%
Director Of S.H.I.E.L.D.Nick Fury
96%
Pietro MaximoffQuicksilver
96%
Scott LangAnt-Man
95%
Bruce BannerHulk
95%
Reed RichardsMr. Fantastic
95%
Charles XavierProfessor X
95%
Wanda MaximoffScarlet Witch
95%
Son Of OdinThor
95%
Hope Van DyneWasp
95%
Flash ThompsonAgent Venom
93%
Scott SummersCyclops
93%
Otto OctaviusDr. Octopus
93%
Norman OsbornGreen Goblin
93%
Groot
93%
Adopted Brother Of ThorLoki
93%
Rocket
93%
Guardians Of The Galaxy Members (6)Star-Lord
93%
Eddie BrockVenom
93%
Robot AvengerVision
93%
Carol DanversCaptain Marvel
91%
Stephen StrangeDoctor Strange
91%
Drax
91%
Sam WilsonFalcon
91%
Johnny StormHuman Torch
91%
Susan StormInvisible Woman
91%
PhoenixJean Grey
91%
The AllfatherOdin
91%
Ben GrimmThing
91%
James RhodesWar Machine
91%
The Mad TitanThanos
89%
Bucky BarnesWinter Soldier
89%
Kamala KhanMs. Marvel
88%
Hank McCoyBeast
86%
Matt MurdockDaredevil
86%
Villain In Ant-Man And The WaspGhost
86%
Erik LehnsherMagneto
86%
Sister Of GamoraNebula
86%
Evil RobotUltron
86%
James HowlettWolverine
86%
Wade WilsonDeadpool
84%
Uncle Of Peter ParkerBen Parker
82%
Bobby DrakeIceman
82%
Mantis
82%
2nd In Command Of S.H.I.E.L.D.Maria Hill
82%
Aunt Of Peter ParkerMay Parker
82%
Evil Sister Of ThorHela
80%
Michael MorbiusMorbius
80%
Biological Father Of Peter QuillEgo
79%
Johnny BlazeGhostrider
79%
Guardian Of AsgardHeimdall
79%
Voiced By Seth GreenHoward The Duck
79%
Girlfriend Of Peter ParkerMary Jane Watson
79%
Marc SpectorMoon Knight
79%
Gwen StacySpider-Gwen
79%
Adopted Father Of Peter QuillYondu
79%
Danny RandIron Fist
77%
Quentin BeckMysterio
77%
Frank CastlePunisher
77%
Ivan VankoWhiplash
77%
Sidekick To Stephen StrangeWong
77%
Father Of Tony StarkHoward Stark
75%
Curt ConnorsLizard
75%
Cleatus CassidyCarnage
73%
PowermanLuke Cage
73%
Thunderbolt RossRed Hulk
73%
Jennifer WaltersShe-Hulk
73%
Norin RaddSilver Surfer
73%
Jessica DrewSpider Woman
73%
The Inhumans Members (7)Black Bolt
71%
Max DillonElectro
71%
Raven DarkholmeMystique
71%
Johan SchmiddtRed Skull
71%
Flint MarkoSandman
71%
Sister Of T'ChallaShuri
71%
Lady Warrior Of AsgardSif
71%
Adrian ToomesVulture
71%
Warren Worthington IIIAngel
70%
Remy LeBeauGambit
70%
Jubilation LeeJubilee
70%
Richard RyderNova
70%
God Of WarAres
68%
Kurt WagnerNightcrawler
68%
The AccuserRonan
68%
Darren CrossYellowjacket
68%
Bodyguard Of Tony StarkHappy Hogan
66%
Anna MarieRogue
66%
King Of WakandaT'Chaka
66%
The Black Order Members (4)Ebony Maw
64%
Son Of ZeusHercules
64%
Pepper PottsRescue
64%
Piotr RasputinColossus
63%
Demon Enemy Of Stephen StrangeDormammu
63%
Wife Of AboveFrigga
63%
Girl Version Of ThorJane Foster
63%
Editor In Chief Of The Daily BugleJ. Jonah Jameson
63%
Voiced By Taika WaititiKorg
63%
Biological Father Of LokiLaufey
63%
BrunnhildeValkyrie
63%
Emil BlonkskyAbomination
61%
Lucas BishopBishop
61%
Brian BraddockCaptain Britain
61%
Played By Benicio Del ToroCollector
61%
The ConquererKang
61%
Dora Milage LeaderOkoye
61%
Proxima Midnight
61%
Played By Tilda SwintonAncient One
59%
En Saban NurApocalypse
59%
Helmut ZemoBaron Zemo
59%
Played By Jeff GoldblumGrandmaster
59%
Alex SummersHavok
59%
Erik StevensKillmonger
59%
Sharon CarterAgent 13
55%
Felisha HardyBlack Cat
55%
White QueenEmma Frost
55%
JewelJessica Jones
55%
Cain MarkoJuggernaut
55%
Medusa
55%
Daughter Of Tony Stark And Pepper PottsMorgan Stark
55%
Nathan SummersCable
54%
Mother Of Tony StarkMaria Stark
54%
Corvus Glaive
52%
Betsy BraddockPsylocke
52%
Victor CreedSabretooth
52%
Kitty PrydeShadowcat
52%
Cull Obsidian
50%
Obadiah StaneIron Monger
50%
John WalkerU.S. Agent
50%
Peggy CarterAgent Carter
46%
Villain In Captain America: The Winter SoldierAlexander Pierce
46%
Dane WhitmanBlack Knight
46%
Brock RumlowCrossbones
46%
Best Friend Of Jane FosterDarcy Lewis
46%
Scientist Friend Of ThorErik Selvig
46%
Extremis CreatorAldrich Killian
45%
Karl MordoBaron Mordo
45%
Ned LeedsHobgoblin
45%
Lockjaw
45%
Evil Skrull Enemy Of The Fantastic FourSuper Skrull
45%
Volstagg
45%
Moose Version Of ThorBeta Ray Bill
43%
SkurgeExecutioner
43%
Warriors Three Members (3)Fandral
43%
Hogun
43%
Riri WilliamsIronheart
43%
Villain Of Iron Man 2Justin Hammer
43%
Ulysses KlaueKlaw
43%
Sidekick Of AboveKraglin
43%
Best Friend Of Scott LangLuis
43%
Monica RambeauPhoton
43%
Miss AmericaAmerica Chavez
41%
Eric BrooksBlade
41%
Crystal
41%
GalenGalactus
41%
Illyana RasputinMagik
41%
Demon Enemy Of Johnny BlazeMephisto
41%
Fred DukesBlob
39%
Sergei KrafinoffKraven The Hunter
39%
Queen Of WakandaRamonda
39%
Played By Kevin BaconSebastian Shaw
39%
Daisy JohnsonQuake
38%
Simon WilliamsWonder Man
38%
Laura KinneyX-23
38%
Carl CreelAbsorbing Man
36%
Tyrone JohnsonCloak
36%
Tandy BowenDagger
36%
Evil Brother Of Blackagar BoltagonMaximus
36%
Bobbi MorseMocking Bird
36%
Lorna DanePolaris
36%
Aaron DavisProwler
36%
Betty RossRed She-Hulk
36%
Bill FosterBlack Goliath
34%
Sam GuthrieCannonball
34%
Alpha Flight LeaderGuardian
34%
Samuel SternsLeader
34%
Nathaniel EssexMr. Sinister
34%
Mac GarganScorpion
34%
Skrull Friend Of Captain MarvelTalos
34%
Triton
34%
Timothy DuganDum Dum Dugan
32%
AmoraEnchantress
32%
Gorgon
32%
Karnak
32%
Mother Of PhotonMaria Rambeau
32%
Tony MastersTaskmaster
32%
Mortimer ToynbeeToad
32%
Played By Jude LawYon-Rogg
32%
Secretary At The Daily BugleBetty Brant
30%
Anton VankoCrimson Dynamo
30%
Leader Of The NovasNova Prime
30%
Son Of HulkSkaar
30%
Cassie LangStature
30%
Non-Mutant X-Men VillainWilliam Stryker
30%
Killed By LokiAgent Coulson
29%
Helped Tony Stark In The CaveHo Yinsen
29%
M'BakuMan-Ape
29%
Doreen GreenSquirrel Girl
29%
Rick JonesA-Bomb
27%
Ava AyalaWhite Tiger
27%
Wolfgang Von StruckerBaron Strucker
25%
Mutant That Fixes ThingsForge
25%
Sidekick Of The AccuserKorath The Pursuer
25%
Husband Of OkoyeW'Kabi
25%
Yuriko OyamaLady Deathstrike
23%
Wrecking Crew Members (4)Wrecker
23%
Jasper SitwellAgent Sitwell
21%
Bulldozer
21%
Son Of AboveJohn Jameson
21%
Piledriver
21%
Thunderball
21%
Father Of Gwen StacyCaptain Stacy
20%
Billy RussoJigsaw
20%
Father Of OdinBor
18%
ViperMadame Hydra
18%
Ex-Girlfriend Of Tony StarkMaya Hansen
18%
Father Of Erik StevensN'Jobu
16%
2nd Villain In Ant-Man And The WaspSonny Burch
16%
Bob BlakeHydro-Man
14%
Karla SofenMoonstone
14%
Father Of Daisy JohnsonMr. Hyde
14%
Played By John C. ReillyRhomann Dey
14%
Sidekick To AboveDr. List
13%
Angel SalvadoreTempest
11%
Frank PayneConstrictor
9%
Evil Brother Of The AllfatherSerpent
4%

Score Distribution

Percentile by Number Answered

Percent of People with Each Score

Your Score History

You have not taken this quiz